00535nam a22001457a 4500003000400000005001700004008004100021040001400062100003200076245010200108260000900210300003000219500010900249504003100358OSt20171010095443.0120614t xxu||||| |||| 00| 0 eng d aMMSUcULS aGantala, Jennifer B., et al aDesign, fabrication and testing of a laboratory-scale batch acetetorcJennifer B. Gantala et al.  c2006 aviii, 43 leaves c28 cm.  aThesis (BS Chemical Engineering) -- Mariano Marcos State University-College of Engineering, Batac City  aBibliography: leaves 35-36